| 000 | 01249nam a22003617a 4500 | ||
|---|---|---|---|
| 003 | CHAP | ||
| 005 | 20220329134253.0 | ||
| 008 | 971013s1977 r 00010 d | ||
| 010 | _a17914 | ||
| 011 | _a18886 | ||
| 035 | _a22971 | ||
| 040 | _cCHAP | ||
| 090 | _aTesis | ||
| 100 | 0 | 0 |
_aJuárez Esparza, Rogerio. _962409 |
| 245 | _aInteracción genotipo-medio ambiente en la selección y recomendación de híbridos de sorgo para grano | ||
| 260 |
_aChapingo, Méx., : _bEl autor, _c1977 |
||
| 300 |
_a108 h. _b; gráfs. ; mapa |
||
| 500 | _ac.4 en bodega | ||
| 502 | _aTesis (M.C. Esp. en Genética) -- ENA. Colegio de Postgraduados. Rama de Genética | ||
| 590 |
_aALEPH _b10 _c20130110 _lUCH01 _h1241 |
||
| 590 |
_aBATCH-UPD _b10 _c20130110 _lUCH01 _h1943 |
||
| 590 |
_aBATCH-UPD _b10 _c20130410 _lUCH01 _h1306 |
||
| 590 |
_aBATCH-UPD _b10 _c20130914 _lUCH01 _h2004 |
||
| 590 |
_aCONVERSION _b10 _c20130109 _lUCH01 _h1311 |
||
| 650 | 1 | 4 |
_aSorgo _xEfecto del medio ambiente. _9108658 |
| 650 | 1 | 4 |
_aSorgo _xGenética. _9108673 |
| 650 | 1 | 4 |
_aSorgo _xHíbridos. _9108681 |
| 901 | _aBK | ||
| 942 | _cFOLL | ||
| 949 |
_bBC _cTES _d-53582 _eTS1 _i22971 _si |
||
| 949 |
_bBC _cTES _d-53583 _eTS2 _fc.2 _i22971 _si |
||
| 949 |
_bBC _cTES _d-53584 _eTS2 _fc.3 _i22971 _si |
||
| 999 |
_c17914 _d17914 |
||